Statistics for Taylor Swift - willow Lyrics

Click here to take the quiz!

General Stats

  • This quiz has been taken 134 times
    (33 since last reset)
  • The average score is 398 of 414

Answer Stats

Answer% Correct
a
100%
an
100%
And
100%
and
100%
begging
100%
follow
100%
for
100%
hand
100%
I
100%
if
100%
in
100%
is
100%
it
100%
man
100%
my
100%
on
100%
plans
100%
take
100%
that
100%
That's
100%
that's
100%
the
100%
The
100%
to
100%
willow
100%
you
100%
You
100%
your
100%
Anywhere
95%
bent
95%
But
95%
but
95%
champion
95%
could
95%
cut
95%
else
95%
face
95%
feel
95%
from
95%
home
95%
I'm
95%
knife
95%
know
95%
known
95%
less
95%
Life
95%
like
95%
Like
95%
look
95%
me
95%
more
95%
mythical
95%
night
95%
open
95%
or
95%
priceless
95%
right
95%
ring
95%
say
95%
shut
95%
surface
95%
than
95%
thing
95%
through
95%
was
95%
water
95%
were
95%
when
95%
where
95%
win
95%
wind
95%
Wreck
95%
'90s
91%
back
91%
case
91%
come
91%
Every
91%
hollow
91%
I'd
91%
Lost
91%
never
91%
of
91%
one
91%
prize
91%
Rough
91%
ship
91%
should've
91%
stray
91%
stronger
91%
trend
91%
trophy
91%
Wherever
91%
wine
91%
would've
91%
Yeah
91%
after
86%
cheat
86%
dark
86%
gave
86%
guess
86%
Head
86%
I'll
86%
meet
86%
pillow
86%
signal
86%
there
86%
train
86%
art
82%
current
82%
others
82%
places
82%
rolled
82%
scars
82%
Show
82%
sneakin'
82%
Wait
82%
work
82%
As
77%
bait
77%
can
77%
count
77%
switch
77%
They
77%
again
73%
out
73%
this
73%
time
73%
Now
64%
Hey
55%

Score Distribution

Percentile by Number Answered

Percent of People with Each Score

Your Score History

You have not taken this quiz since the last reset